LEADER 03020nam 2200661 a 450 001 9910463054603321 005 20200520144314.0 010 $a0-8389-9420-2 035 $a(CKB)2670000000390337 035 $a(EBL)1250070 035 $a(OCoLC)852758263 035 $a(SSID)ssj0001052998 035 $a(PQKBManifestationID)12425135 035 $a(PQKBTitleCode)TC0001052998 035 $a(PQKBWorkID)11084075 035 $a(PQKB)10033377 035 $a(MiAaPQ)EBC1250070 035 $a(Au-PeEL)EBL1250070 035 $a(CaPaEBR)ebr10751721 035 $a(EXLCZ)992670000000390337 100 $a20130911d2012 uy 0 101 0 $aeng 135 $aur|n|---||||| 181 $ctxt 182 $cc 183 $acr 200 10$aBridging the digital divide with mobile services$b[electronic resource]$fAndromeda Yelton 210 $aChicago, Ill. $cALA TechSource$dc2012 215 $a1 online resource (37 p.) 225 1 $aLibrary Technology Reports,$x0024-2586 ;$vVolume 48, Number 1 300 $aDescription based upon print version of record. 311 $a0-8389-5856-7 320 $aIncludes bibliographical references. 327 $aBridging the Digital Divide with Mobile Services; Cover; Contents; Who Are Smartphone Users?; Notes; Mobile Websites; Mobile-Friendly Portals; Mobile Library Websites; Picking a Tool; Resources; Notes; Expanding Access to Devices, Collections, and Services; Audiobooks; Texting: Reference and Notification Services; Expanding Access to Mobile Devices; The Unquiet Librarian; Notes; Where to Go Next; Showcasing Community Stories; Building Your Own Technological Capacity; Building Your Organization's Technological Capacity; Parting Thoughts: Why Mobile?; Resources; Notes 330 $aIn this issue of Library Technology Reports, Andromeda Yelton shows how libraries can build on the breadth of this population to help bridge the digital divide and provide even greater access to information. Yelton breaks down the demographics of mobile internet users, provides examples of how different libraries are reaching out to these populations, and suggests what the future may hold for this trend. 410 0$aLibrary technology reports ;$vv. 48, no. 1. 606 $aMobile communication systems$xLibrary applications 606 $aDigital divide 606 $aMobile computing 606 $aSmartphones 606 $aPocket computers 606 $aWireless communication systems 608 $aElectronic books. 615 0$aMobile communication systems$xLibrary applications. 615 0$aDigital divide. 615 0$aMobile computing. 615 0$aSmartphones. 615 0$aPocket computers. 615 0$aWireless communication systems. 676 $a022.9 700 $aYelton$b Andromeda$0936289 801 0$bMiAaPQ 801 1$bMiAaPQ 801 2$bMiAaPQ 906 $aBOOK 912 $a9910463054603321 996 $aBridging the digital divide with mobile services$92109160 997 $aUNINA LEADER 00956nam a2200253 i 4500 001 991004313238107536 005 20240320120906.0 008 240320s1973 it e 000 0 ita d 040 $aBibl. Dip.le Aggr. Scienze Giuridiche - Sez. Centro Studi sul Rischio 082 1 $a371.$214 100 1 $aBorghi, Lamberto$024611 245 03$aIl metodo dei progetti :$bun capitolo della storia dell'educazione attiva /$cLamberto Borghi ; (con testi di W. H. Kilpatrick) 260 $aFirenze :$bLa nuova Italia,$c1973 300 $a132 p. ;$c20 cm 490 1 $aEducatori antichi e moderni ;$v118 500 $aNona ristampa della prima edizione del 1953, contiene: testi di W. H. Kilpatrick 650 7$aDidattica$xMetodi 650 7$aScuola attiva 650 7$aApprendimento 700 1 $aKilpatrick, William Heard 830 0$aEducatori antichi e moderni ;$v118 912 $a991004313238107536 996 $aMetodo dei progetti$9274413 997 $aUNISALENTO